00879nam a22001937a 4500003000400000005001700004008004100021020001800062040001300080082001400093100003400107245011600141260004300257300004400300500015100344650005100495650006800546650007100614OSt20230717180424.0230714b ||||| |||| 00| 0 spa d a9788426412713 cCO-MqBPB a834bA72e aArendt, Hannah / d1906-1975. aEichmann en Jerusalén : un estudio sobre la banalidad del mal /cHannah Arendt ; traducción Carlos Ribalta. a Barcelona : bEditorial Lumen,c 1999 a460 páginas:bTapa Rústica,c23 cm. aUno de los mejores estudios sobre el holocausto, un ensayo de lectura inaplazable para entender lo que sin duda fue la gran tragedia del siglo XX. aEichman, Adolf, 1906-1962 xProcesos Genocidio aCrímenes contra la humanidadxHolocausto judío (1939-1945)  aJuicio de Nuremberg, 1945-1946 xCrímenes de guerra -- Alemania